The price of life (Record no. 73723)
[ view plain ]
| 000 -LEADER | |
|---|---|
| fixed length control field | 00946cam a2200193 4500 |
| 001 - CONTROL NUMBER | |
| control field | ABS67127 |
| 008 - FIXED-LENGTH DATA ELEMENTS--GENERAL INFORMATION | |
| fixed length control field | 031030n2003 000 0 eng u |
| 035 ## - SYSTEM CONTROL NUMBER | |
| System control number | (Sirsi) u124195 |
| 245 #4 - TITLE STATEMENT | |
| Title | The price of life |
| 260 ## - PUBLICATION, DISTRIBUTION, ETC. | |
| Date of publication, distribution, etc. | 2003 |
| 490 ## - SERIES STATEMENT | |
| Series statement | Scottish Builder and Engineer |
| Volume/sequential designation | (81) August 2003, 24-28(3) |
| 520 ## - SUMMARY, ETC. | |
| Summary, etc. | Reports how the installation of sprinklers in every house in the UK would save hundreds of lives a year, but that the government may not have the will or cash to implement a scheme to install them. Argues that the use of smoke alarms is not enough to prevent fires and advocates the use of sprinklers at the least in housing of multi-occupancy, whilst subsidies would encourage house builders to build sprinklers into new family homes. |
| 590 ## - LOCAL NOTE (RLIN) | |
| Local note | ABS |
| 650 ## - SUBJECT ADDED ENTRY--TOPICAL TERM | |
| Topical term or geographic name entry element | MANAGEMENT-HEALTH AND SAFETY-FIRE SAFETY |
| 650 ## - SUBJECT ADDED ENTRY--TOPICAL TERM | |
| Topical term or geographic name entry element | SMOKE ALARMS |
| 650 ## - SUBJECT ADDED ENTRY--TOPICAL TERM | |
| Topical term or geographic name entry element | SPRINKLERS |
| 690 ## - LOCAL SUBJECT ADDED ENTRY--TOPICAL TERM (OCLC, RLIN) | |
| Topical term or geographic name as entry element | BUILT ENVIRONMENT-BUILDING STANDARDS |
| 942 ## - ADDED ENTRY ELEMENTS (KOHA) | |
| Suppress in OPAC | 0 |
| Withdrawn status | Lost status | Source of classification or shelving scheme | Damaged status | Not for loan | Home library | Current library | Shelving location | Date acquired | Total Checkouts | Full call number | Barcode | Date last seen | Copy number | Price effective from | Koha item type |
|---|---|---|---|---|---|---|---|---|---|---|---|---|---|---|---|
| Dewey Decimal Classification | London | London | Journal article | 30/10/2003 | ABS67127 | 124195-1001 | 06/08/2019 | 1 | 06/08/2019 | Journal article |